Okamžité zrušenie pracovného pomeru
Okamžité zrušenie pracovného pomeru je jednostranný úkon jedného z účastníkov pracovnoprávneho vzťahu, umožňujúci skončiť pracovný pomer zamestnanca. Právoplatne možno skončiť pracovný pomer formou okamžitého zrušenia len z dôvodov vymedzených Zákonníkom práce.
Salvato in:
| Autore principale: | |
|---|---|
| Natura: | Capitolo di libro |
| Lingua: | slovacco |
| Soggetti: | |
| Tags: |
Nessun Tag, puoi essere il primo ad aggiungerne!!
|
MARC
| LEADER | 00000naa a2200000 4500 | ||
|---|---|---|---|
| 001 | r043016 | ||
| 005 | 20230925072601.0 | ||
| 041 | 0 | |a slo | |
| 044 | |a SK | ||
| 245 | 1 | 0 | |a Okamžité zrušenie pracovného pomeru |c Anna Jendrálová |
| 520 | |a Okamžité zrušenie pracovného pomeru je jednostranný úkon jedného z účastníkov pracovnoprávneho vzťahu, umožňujúci skončiť pracovný pomer zamestnanca. Právoplatne možno skončiť pracovný pomer formou okamžitého zrušenia len z dôvodov vymedzených Zákonníkom práce. | ||
| 610 | 2 | 0 | |a pomer pracovný |
| 610 | 2 | 0 | |a skončenie pomeru pracovného |
| 610 | 2 | 0 | |a zamestnanci |
| 610 | 2 | 0 | |a zamestnávatelia |
| 610 | 2 | 0 | |a výpoveď |
| 610 | 2 | 0 | |a prepúšťanie hromadné |
| 610 | 2 | 0 | |a prepúšťanie pracovníkov |
| 610 | 2 | 0 | |a odbory |
| 610 | 2 | 0 | |a vzťahy pracovnoprávne |
| 100 | 1 | |a Jendrálová, Anna | |